Statistics for Mr Bean Live Action Episode Names

Click here to take the quiz!

General Stats

  • This quiz has been taken 6 times
  • The average score is 5 of 15

Answer Stats

HintTitle% Correct
Math exam, Swim Trunks, ChurchMr. Bean
100%
Open school day, karate, painting, his car gets crushed by a tankBack to school Mr Bean
50%
New Years Party, Chair on Car, Painting with explosivesDo-It-Yourself Mr Bean
50%
Hospital, Queens Guard, Shoots night lightGoodnight Mr Bean
50%
Launderette, Mini Golf, 3,427 StrokesTee Off, Mr Bean
50%
Fair, stuck with baby, Baby flies away with balloonsMind the baby Mr Bean
25%
New TV, Stolen Camera, Lost Shoe, Magic Show/ ClubbingMr Bean Goes to Town
25%
Aggressive Eating, Old people on stairs, Hotel, locked out nakedMr Bean in Room 426
25%
Heart attack, locked in mailbox, noisy train ride, planeMr. Bean Rides Again
25%
Swimming Pool, Sandwich, Horror MovieThe Curse of Mr Bean
25%
Credit card, Fancy Restaurant, QueenThe Return of Mr Bean
25%
Dentist, WaspsThe Trouble with Mr Bean
25%
Becomes a barber, pet show, sponge throwing, sent off to Russia, EndingHair by Mr Bean of London
0%
Christmas Shopping, Nativity Scene, Turkey on headMr Christmas Mr Bean
0%
Extra, Compilation, Rainy Day, ReminiscingThe Best Bits of Mr Bean
0%

Score Distribution

Percentile by Number Answered

Percent of People with Each Score

Your Score History

You have not taken this quiz